[Čínska ekonomika- nová dimenzia globalizácie svetového hospodárstva (Bude XXI. storočie storočím Číny?)]

Recenzia na monografiu, ktorá vysvetľuje postavenie Číny na medzinárodnom trhu a je doplnená o geopolitické a historické súvislosti.

Enregistré dans:
Détails bibliographiques
Auteur principal: Vargová, Andrea
Format: Chapitre de livre
Langue:slovaque
Sujets:
Tags: Ajouter un tag
Pas de tags, Soyez le premier à ajouter un tag!

MARC

LEADER 00000naa a2200000 4500
001 0199725
005 20240502073401.0
041 0 |a slo 
044 |a SK 
245 1 0 |a [Čínska ekonomika- nová dimenzia globalizácie svetového hospodárstva (Bude XXI. storočie storočím Číny?)]  |c Andrea Vargová 
520 |a Recenzia na monografiu, ktorá vysvetľuje postavenie Číny na medzinárodnom trhu a je doplnená o geopolitické a historické súvislosti. 
610 2 0 |a recenzie 
610 2 0 |a Čína 
610 2 0 |a globalizácia 
610 2 0 |a hospodárstvo svetové 
100 1 |a Vargová, Andrea